000 00753nam a22002177a 4500
003 UA-OsUOA
001 58480
007 ta
008 20090211b un ||||| |||| 00| 0 ukr d
100 _aБочаров Д.
090 _a340.111.5
_bБ86
942 _cBK
040 _aUA-OsUOA
_bukr
_cUA-OsUOA
_dUA-OsUOA
245 _aПотойбіччя процесуального: гра, ритуал, міф
_bматеріали для самостійної роботи
955 _a2
041 _aukr
080 _a340.111.5
260 _aДніпропетровськ
_bАМСУ
_c2007
650 7 _a340 Право в цілому. Пропедевтика. Методи та допоміжні правничі науки
_2UDC
999 _c344563
_d344563